[Event "Mallorca-chT Primera"]
[Site "Palma de Mallorca"]
[Date "2012.03.31"]
[Round "9.2"]
[White "Sabater Moner, Guillermo"]
[Black "Pomar Julia, Juan"]
[Result "1-0"]
[WhiteElo "2120"]
[BlackElo "1956"]
[PlyCount "75"]
[EventDate "2012.01.28"]
[EventType "team"]
[EventRounds "9"]
[EventCountry "ESP"]
[SourceTitle "EXT 2014"]
[Source "ChessBase"]
[SourceDate "2013.11.20"]
[SourceVersion "1"]
[SourceVersionDate "2013.11.20"]
[SourceQuality "1"]

1. Nf3 g6 2. g3 Bg7 3. Bg2 d6 4. 0-0 Nf6 5. c4 c6 6. d3 0-0 7. Nc3 Nbd7 8. Qc2 Qc7 9. Rb1 Re8 10. b4 Ng4 11. Bd2 Rb8 12. b5 Nde5 13. Nxe5 Nxe5 14. bxc6 bxc6 15. Rxb8 Qxb8 16. Rb1 Qc7 17. h3 f6 18. Qb3 e6 19. Qb8 Qxb8 20. Rxb8 d5 21. cxd5 cxd5 22. Ra8 a6 23. Na4 Nd7 24. d4 Kf7 25. Ra7 Bf8 26. Nb6 Ke7 27. Rc7 Kd6 28. Bf4+ e5 29. Rxc8 Rxc8 30. Nxc8+ Kc7 31. dxe5 fxe5 32. Bg5 Kxc8 33. Bxd5 Kc7 34. Kg2 Kd6 35. Bg8 h6 36. Bd2 Bg7 37. h4 Nb6 38. Bf7 1-0

[Event "Mallorca-chT Primera"]
[Site "Palma de Mallorca"]
[Date "2012.01.28"]
[Round "1.5"]
[White "Boix Pons, Catalina"]
[Black "Pomar Julia, Juan"]
[Result "1-0"]
[WhiteElo "1892"]
[BlackElo "1956"]
[PlyCount "93"]
[EventDate "2012.01.28"]
[EventType "team"]
[EventRounds "9"]
[EventCountry "ESP"]
[SourceTitle "EXT 2014"]
[Source "ChessBase"]
[SourceDate "2013.11.20"]
[SourceVersion "1"]
[SourceVersionDate "2013.11.20"]
[SourceQuality "1"]

1. d4 Nf6 2. Nf3 g6 3. c4 Bg7 4. Nc3 d6 5. e4 Nbd7 6. Be2 0-0 7. 0-0 Re8 8. Bg5 h6 9. Bh4 g5 10. Bg3 Nh5 11. d5 Nf8 12. Nd4 Nxg3 13. hxg3 e5 14. dxe6 fxe6 15. Bh5 Re7 16. Nf3 Nd7 17. Re1 Bxc3 18. bxc3 Nf6 19. Nh2 e5 20. Ng4 Bxg4 21. Bxg4 Qf8 22. Bf5 Kg7 23. Qb3 b6 24. a4 Qf7 25. a5 Rf8 26. axb6 axb6 27. Ra2 Rb8 28. Qb5 Qe8 29. Qb1 Qc6 30. Qd3 Ree8 31. Rf1 Ra8 32. Rxa8 Rxa8 33. Be6 Qe8 34. Bf5 Ra2 35. f4 exf4 36. gxf4 gxf4 37. Rxf4 Ra1+ 38. Kh2 Qh5+ 39. Bh3 Qe5 40. Qg3+ Qg5 41. Qf2 Qe5 42. Qg3+ Kf7 43. Bf5 Nh5 44. Bg6+ Ke6 45. Qg4+ Ke7 46. Bxh5 Rf1 47. g3 1-0